000
00341 a2200157 4500
001
155162
040
_c
Escola São Tomás de Aquino
100
_a
NEMI, Ana Lúcia Lana
240
1
0
_a
Faça História !
_l
por
245
1
0
_a
Faça História !
300
_a
111
362
0
_a
2016
440
1
_a
FTD
697
_a
HISTÓRIA
942
_c
BK
999
_c
155162
_d
155162